Year 10 Neuroscience - Statistics

General Stats
  • This quiz has been taken 136 times
  • The average score is 8 of 13
Answer Stats
Hint Answer % Correct
A gap between two neurons where neurotransmitters are sent and recieved Synapse
86%
The part of a neuron which receives neurotransmitters Dendrites
83%
The brain hemisphere that specialises in verbal and analytical functions The Left Brain
80%
The part of the nervous system consisting of the brain and spinal cord Central Nervous System
75%
A fatty substance which wraps around an axon Myelin Sheath
75%
A bundle of axons which connects the two hemispheres Corpus Callosum
63%
The part of the brain associated with posture, balance, and coordination Cerebellum
62%
The lobe of the brain responsible for preserving conscious and long-term memory Temporal Lobe
59%
The type of neuron that acts as a link between sensory and motor neurons Interneuron
52%
The two major subdivisions of the PNS are the somatic nervous system and... Autonomic Nervous System
51%
The part of the brain controlling breathing and heart rate Medulla
51%
The cortex devoted to more sensitive parts of the body Somatosensory Cortex
31%
The formation of synapses between neurons in the nervous system Synaptogenesis
25%
No matching quizzes found
Score Distribution
Percent of People with Each Score
Percentile by Number Answered
Your Score History
You have not taken this quiz